Zarądzanie kryzysem w organizacji

Salvato in:
Dettagli Bibliografici
Autore principale: Tworzydlo, Dariusz
Natura: Capitolo di libro
Lingua:polacco
Soggetti:
Tags: Aggiungi Tag
Nessun Tag, puoi essere il primo ad aggiungerne!!

MARC

LEADER 00000naa$a2200000$$$4500
001 0034295
005 20221207121620.8
041 0 |a pol 
044 |a SK 
245 1 0 |a Zarądzanie kryzysem w organizacji  |c Dariusz Tworzydlo 
610 2 0 |a kríza podniku 
610 2 0 |a manažment krízový 
610 2 0 |a Poľsko 
610 2 0 |a firmy 
100 1 |a Tworzydlo, Dariusz